[Event "Druzynowe Mistrzostwa Polski Juniorow - II liga"]
[Site "Sypniewo k. Jastowia"]
[Date "2024-06-17"]
[Round "7.75"]
[White "Jasinski, Bartlomiej"]
[Black "Wolak, Jan"]
[Result "0-1"]
[WhiteTitle "II"]
[BlackTitle "II"]
[WhiteElo "1489"]
[BlackElo "1793"]

1. d4 Nf6 2. Bf4 g6 3. Nc3 d5 4. e3 Bg7 5. Qd2 c6 6. Bd3 Nbd7 7. Nf3 O-O 8. Ne5
e6 9. Ne2 c5 10. c3 c4 11. Nxd7 Nxd7 12. Bc2 b5 13. O-O Nb6 14. f3 f6 15. Bg3
Bb7 16. e4 e5 17. Bf2 Re8 18. Ng3 exd4 19. Bxd4 dxe4 20. Nxe4 f5 21. Ng3 Bxd4+
22. Qxd4 Qxd4+ 23. cxd4 Rad8 24. Rad1 Nd5 25. Rd2 Kf7 26. Kf2 Ne3 27. Rc1 a5 28.
Nf1 Nd5 29. a3 Rd7 30. Re1 Rxe1 31. Kxe1 Re7+ 32. Kf2 Ke6 33. Re2+ Kd6 34. Rxe7
Nxe7 35. f4 Kd5 36. Ke3 Nc6 37. g3 Nxd4 38. Bd1 Kc5 39. Nd2 Ne6 40. Bf3 Bxf3 41.
Nxf3 Kd5 42. h3 Nc5 43. Ne5 Na4 44. Nd7 Nxb2 45. Nf6+ Kc5 46. Nxh7 c3 47. Nf6
Kc4 48. Nd7 c2 49. Ne5+ Kb3 50. Kd2 Nd3 51. Nf3 0-1

[Event "Druzynowe Mistrzostwa Polski Juniorow - II liga"]
[Site "Sypniewo k. Jastowia"]
[Date "2024-06-17"]
[Round "7.76"]
[White "Kopia, Julian"]
[Black "Mucha, Wojciech"]
[Result "1-0"]
[WhiteTitle "I"]
[BlackTitle "II"]
[WhiteElo "1563"]
[BlackElo "1453"]

1. e4 c5 2. Nc3 Nc6 3. g3 g6 4. d3 Bg7 5. Bg2 d6 6. f4 Nf6 7. Nf3 Qb6 8. Rb1 e6
9. Bd2 O-O 10. Na4 Qc7 11. O-O b5 12. Nc3 Qb6 13. Kh1 Ba6 14. Be3 b4 15. Ne2 d5
16. e5 Ng4 17. Bg1 d4 18. c4 Rad8 19. Qc1 Bh6 20. Qe1 Ne3 21. Bxe3 dxe3 22. Nc1
f6 23. exf6 Rxf6 24. Qxe3 Re8 25. Nb3 Rf5 26. Nh4 Rff8 27. Qxc5 Qxc5 28. Nxc5
1-0

[Event "Druzynowe Mistrzostwa Polski Juniorow - II liga"]
[Site "Sypniewo k. Jastowia"]
[Date "2024-06-17"]
[Round "7.77"]
[White "Gac-mytych, Sara"]
[Black "Branka, Julia"]
[Result "0-1"]
[WhiteTitle "I"]
[BlackTitle "I"]
[WhiteElo "1586"]
[BlackElo "1671"]

1. e4 g6 2. d4 Bg7 3. Be3 d6 4. c3 a6 5. Bd3 b5 6. a3 Nd7 7. f4 Bb7 8. Nd2 Ngf6
9. h3 c5 10. d5 e6 11. dxe6 fxe6 12. Ngf3 Qe7 13. g4 Rd8 14. Qe2 Nb8 15. O-O-O
b4 16. axb4 cxb4 17. cxb4 Nc6 18. Bxa6 O-O 19. Bxb7 Qxb7 20. b5 Nb4 21. Bd4 Rc8+
22. Bc3 Qa8 23. Nc4 Nxe4 24. Bxb4 Rxc4+ 25. Qxc4 Rc8 26. Qxc8+ Qxc8+ 27. Kb1 Qc4
28. Ba3 Qxb5 29. Nd4 Qb6 30. Ne2 d5 31. Rh2 Nd6 32. Ka2 Nc4 33. Ng3 Qa6 34. Rc1
Bxb2 35. Rxb2 Qxa3+ 36. Kb1 Qxb2# 0-1

[Event "Druzynowe Mistrzostwa Polski Juniorow - II liga"]
[Site "Sypniewo k. Jastowia"]
[Date "2024-06-17"]
[Round "7.79"]
[White "Stupak, Bartosz"]
[Black "Mosny, Kamil"]
[Result "0-1"]
[WhiteTitle "III"]
[BlackTitle "I"]
[WhiteElo "1431"]
[BlackElo "1943"]

1. e4 c5 2. Nf3 d6 3. d4 cxd4 4. Nxd4 Nf6 5. Nc3 a6 6. Bg5 Nbd7 7. f4 Qc7 8. Qd2
e6 9. O-O-O Be7 10. Kb1 b5 11. Re1 h6 12. Bxf6 Nxf6 13. Bd3 Bb7 14. Rhg1 O-O-O
15. h3 h5 16. Re2 h4 17. Re3 Kb8 18. Qf2 Qb6 19. Re2 Nd7 20. Nb3 Qc7 21. Rf1 Bf6
22. Nd1 Rc8 23. Rd2 Nb6 24. Qe1 Nc4 25. Rdf2 Rhd8 26. f5 exf5 27. Rxf5 Re8 28.
Nd2 Nxd2+ 29. Qxd2 Bxe4 30. Bxe4 Rxe4 31. Ne3 Rd4 32. Qf2 Qc6 33. Ng4 Rc4 34.
c3 Qe4+ 35. Qc2 Qxc2+ 36. Kxc2 b4 37. Nxf6 gxf6 38. R1f3 bxc3 39. Rxc3 Rxc3+ 40.
bxc3 Rg8 41. Rf2 Kc7 42. Kd3 Kc6 43. Kd4 Rg5 44. c4 f5 45. a4 a5 46. Re2 Rg3 47.
Ra2 f4 48. Rf2 f3 49. Rxf3 Rxg2 50. Rxf7 Rd2+ 51. Kc3 Ra2 52. Kb3 Rg2 53. Rf3
Rg3 54. Rc3 Kc5 55. Kc2 Kd4 56. Rb3 Rxb3 57. Kxb3 Kd3 0-1

[Event "Druzynowe Mistrzostwa Polski Juniorow - II liga"]
[Site "Sypniewo k. Jastowia"]
[Date "2024-06-17"]
[Round "7.80"]
[White "Bochenek, Piotr"]
[Black "Businski, Jan"]
[Result "1-0"]
[WhiteTitle "II+"]
[BlackTitle "II"]
[WhiteElo "1796"]
[BlackElo "1633"]

1. d4 Nf6 2. c4 e6 3. Nf3 b6 4. g3 Bb7 5. Bg2 Be7 6. O-O O-O 7. Nc3 d5 8. cxd5
Nxd5 9. Ne5 Nxc3 10. bxc3 Bxg2 11. Kxg2 Qd5+ 12. f3 Rd8 13. Qa4 f6 14. e4 Qb7
15. Nd3 c5 16. Nf4 b5 17. Qb3 c4 18. Qc2 e5 19. dxe5 fxe5 20. Nd5 Bc5 21. Bg5
Rd7 22. Rfc1 h6 23. Bd2 Qc6 24. a4 bxa4 25. Rxa4 Na6 26. Rxc4 Rf8 27. Be3 Qd6
28. Rd1 Bxe3 29. Nxe3 Qf6 30. Rf1 Rfd8 31. Nd5 Qg5 32. Qa2 Nb8 33. h4 Qg6 34.
Ra4 a6 35. Ne7+ 1-0

[Event "Druzynowe Mistrzostwa Polski Juniorow - II liga"]
[Site "Sypniewo k. Jastowia"]
[Date "2024-06-17"]
[Round "7.81"]
[White "Pieszko, Antoni"]
[Black "Czech, Emil"]
[Result "1-0"]
[WhiteTitle "II+"]
[BlackTitle "II+"]
[WhiteElo "1596"]
[BlackElo "1680"]

1. c4 c5 2. g3 g6 3. Bg2 Bg7 4. Nc3 Nc6 5. e3 e5 6. Nge2 Nge7 7. O-O O-O 8. d3
d6 9. a3 a5 10. Rb1 Be6 11. Nd5 Rb8 12. Nec3 Bxd5 13. cxd5 Na7 14. b4 cxb4 15.
axb4 axb4 16. Rxb4 Qa5 17. Qa4 Qxa4 18. Rxa4 Nac8 19. Rb4 f5 20. Nb5 g5 21. Nc7
h6 22. f4 exf4 23. gxf4 g4 24. Ne6 Re8 25. h3 gxh3 26. Bf3 Kh7 27. e4 Rg8 28.
Kh2 b6 29. Rb3 Ra8 30. Ba3 Ng6 31. Kxh3 Nf8 32. exf5 Bf6 33. Rf2 Ra4 34. Be4 Nd7
35. Bb2 Kh8 36. d4 Nf8 37. Rd2 Ra7 38. Ra3 Nxe6 39. fxe6 Rag7 40. Rg2 Rxg2 41.
Bxg2 Ne7 42. Be4 Rc8 43. Ra6 Rb8 44. Ra7 b5 45. Ra6 Nc8 46. Rc6 Ra8 47. Kg4 b4
48. Kf5 Bg7 49. Rc7 Bf8 50. Kf6 Ne7 51. Rxe7 Bxe7+ 52. Kxe7 Kg7 53. Kxd6 Kf6 54.
Kc5 Ra2 55. Bc1 b3 56. f5 h5 57. d6 b2 58. Bf4 Ra1 59. d7 Rc1+ 60. Kd6 1-0

[Event "Druzynowe Mistrzostwa Polski Juniorow - II liga"]
[Site "Sypniewo k. Jastowia"]
[Date "2024-06-17"]
[Round "7.82"]
[White "Lisek, Adam"]
[Black "Toczylowski, Mateusz"]
[Result "1/2-1/2"]
[WhiteTitle "II"]
[BlackTitle "II"]
[WhiteElo "1502"]
[BlackElo "1458"]

1. e4 c5 2. Nc3 Nc6 3. f4 d6 4. Nf3 Nf6 5. a4 a6 6. Be2 g6 7. O-O Bg7 8. d3 O-O
9. Qe1 Bg4 10. Qg3 Bxf3 11. Bxf3 Nd4 12. Bd1 b5 13. h4 b4 14. Ne2 Nh5 15. Qh2
f5 16. Kh1 fxe4 17. dxe4 e5 18. Nxd4 cxd4 19. f5 Nf6 20. h5 Nxe4 21. Bf3 gxf5
22. Bxe4 fxe4 23. Rxf8+ Qxf8 24. Qg3 Qf1+ 25. Kh2 e3 26. h6 Ra7 27. b3 e2 28.
Bb2 Rf7 29. Re1 Kh8 30. hxg7+ Rxg7 31. Qf3 Qxe1 32. Qf8+ Rg8 1/2-1/2

[Event "Druzynowe Mistrzostwa Polski Juniorow - II liga"]
[Site "Sypniewo k. Jastowia"]
[Date "2024-06-17"]
[Round "7.83"]
[White "Obukhava, Anastasiya"]
[Black "Dudek, Julia"]
[Result "1-0"]
[WhiteTitle "I++"]
[BlackTitle "II"]
[WhiteElo "1814"]
[BlackElo "1408"]

1. c4 e6 2. g3 d5 3. Bg2 Nf6 4. Nf3 Be7 5. O-O O-O 6. b3 c5 7. cxd5 exd5 8. d4
Nc6 9. Bb2 Bg4 10. Nbd2 Rc8 11. Rc1 b6 12. Ne5 Nxe5 13. dxe5 Ne8 14. h3 Be6 15.
e3 Nc7 16. f4 f6 17. f5 Bd7 18. e6 Bb5 19. Re1 Bd3 20. Qf3 b5 21. Red1 c4 22.
e4 dxe4 23. Nxe4 Bxe4 24. Qxe4 Qe8 25. bxc4 bxc4 26. Rd7 Nb5 27. Qb7 Rb8 28. Rxe7
Rxb7 29. Rxe8 Rxe8 30. Bxb7 Nd6 31. Bc6 Re7 32. Ba3 Nc8 33. Bxe7 Nxe7 34. Rxc4
h6 35. g4 Nxc6 36. Rxc6 Kf8 37. Rc7 a5 38. Kf2 a4 39. Ke3 a3 40. Kd4 h5 41. Kd5
hxg4 42. Kd6 Kg8 43. e7 gxh3 44. e8=Q+ Kh7 45. Qh5+ Kg8 46. Rc8# 1-0

[Event "Druzynowe Mistrzostwa Polski Juniorow - II liga"]
[Site "Sypniewo k. Jastowia"]
[Date "2024-06-17"]
[Round "7.85"]
[White "Panasiuk, Piotr"]
[Black "Marchewka, Kajetan"]
[Result "0-1"]
[WhiteTitle "II"]
[BlackTitle "II+"]
[WhiteElo "1517"]
[BlackElo "1743"]

1. d4 Nf6 2. c4 e6 3. Nf3 d5 4. e3 a6 5. Nc3 dxc4 6. Bxc4 b5 7. Bd3 Bb7 8. O-O
c5 9. b3 Nbd7 10. Bb2 Be7 11. Re1 O-O 12. Rc1 Rc8 13. Bb1 Qa5 14. e4 cxd4 15.
Qxd4 Rfd8 16. Qe3 Nf8 17. e5 Nd5 18. Nxd5 Bxd5 19. h4 Bxf3 20. Qxf3 Bxh4 21. Rxc8
Qxe1+ 22. Kh2 Rxc8 0-1

[Event "Druzynowe Mistrzostwa Polski Juniorow - II liga"]
[Site "Sypniewo k. Jastowia"]
[Date "2024-06-17"]
[Round "7.86"]
[White "Jozwiak, Oliwier"]
[Black "Tanski, Wojciech"]
[Result "1/2-1/2"]
[WhiteTitle "II"]
[BlackTitle "III"]
[WhiteElo "1669"]
[BlackElo "1441"]

1. e4 c5 2. Nf3 d6 3. d4 cxd4 4. Nxd4 Nf6 5. Nc3 g6 6. Be2 Bg7 7. O-O O-O 8. Re1
Nc6 9. Nb3 a6 10. Bf1 b5 11. Bg5 Bb7 12. Nd5 Nd7 13. c3 h6 14. Bh4 Re8 15. Qd2
Nb6 16. Rad1 Ne5 17. Nxe7+ Rxe7 18. Bxe7 Qxe7 19. Qxd6 Qxd6 20. Rxd6 Nbc4 21.
Bxc4 Nxc4 22. Rd7 Rb8 23. Nc5 Bc6 24. Rc7 Rb6 25. Re2 Be5 26. Rc8+ Kg7 27. Nd3
Bb7 28. Rxc4 Bxh2+ 29. Kxh2 bxc4 30. Ne5 Re6 31. Nxc4 Rxe4 32. Rxe4 Bxe4 33. b4
Bd5 34. Nd2 Bxa2 35. c4 Kf6 36. f4 Ke6 37. Kg3 Kd6 38. Kf3 Kc6 39. f5 gxf5 40.
Kf4 Bxc4 41. Nxc4 Kb5 42. Na3+ Kxb4 43. Nb1 a5 44. Kxf5 a4 45. g4 Kb3 46. Kf6
Kb2 47. Nd2 Kc3 48. Nb1+ Kb2 1/2-1/2

[Event "Druzynowe Mistrzostwa Polski Juniorow - II liga"]
[Site "Sypniewo k. Jastowia"]
[Date "2024-06-17"]
[Round "7.87"]
[White "Kopacki, Aleksander"]
[Black "Chmielnicki, Michal"]
[Result "1-0"]
[WhiteTitle "I"]
[BlackTitle "II"]
[WhiteElo "1782"]
[BlackElo "1506"]

1. e4 e5 2. Nf3 Nc6 3. Nc3 Nf6 4. Bb5 Bb4 5. O-O O-O 6. d3 d6 7. Bg5 Bxc3 8. bxc3
Qe7 9. Bh4 Nd8 10. Qd2 Ne6 11. d4 Nf4 12. Bg5 Ng6 13. dxe5 dxe5 14. Nh4 Nxh4 15.
Bxh4 Bd7 16. Bxf6 Qxf6 17. Qxd7 Rfd8 18. Qf5 Qd6 19. Bc4 Rd7 20. Rad1 Qxd1 21.
Rxd1 Rxd1+ 22. Bf1 Rad8 23. g3 Rc1 24. Kg2 g6 25. Qxe5 Rxc2 26. Bc4 1-0

[Event "Druzynowe Mistrzostwa Polski Juniorow - II liga"]
[Site "Sypniewo k. Jastowia"]
[Date "2024-06-17"]
[Round "7.88"]
[White "Fajks, Julian"]
[Black "Tanski, Jakub"]
[Result "1-0"]
[WhiteTitle "II"]
[BlackTitle "III"]
[WhiteElo "1652"]
[BlackElo "1416"]

1. c4 c5 2. g3 d6 3. Bg2 Nf6 4. Nf3 Nc6 5. O-O Bd7 6. d3 e6 7. Nc3 Be7 8. Bd2 O-O
9. Rb1 a6 10. a3 h6 11. b4 b6 12. e4 cxb4 13. axb4 e5 14. b5 axb5 15. Rxb5 Nb4
16. Rxb4 Be6 17. Rb2 Bg4 18. Be3 Bxf3 19. Bxf3 Ra6 20. Bd4 exd4 21. Ne2 Nd7 22.
Rb5 Bf6 23. Rd5 Ra5 24. Rxd6 Qc7 25. Rd5 Rxd5 26. cxd5 Qc5 27. Qb3 Ne5 28. Bg2
Ra8 29. Rc1 Ra3 30. Qb1 Qa5 31. Nf4 Bg5 32. d6 Bxf4 33. gxf4 Nxd3 34. d7 b5 35.
Rc8+ Kh7 36. d8=Q Nxf4 37. e5+ d3 38. Be4+ f5 39. Bxf5+ g6 40. Qh8# 1-0

[Event "Druzynowe Mistrzostwa Polski Juniorow - II liga"]
[Site "Sypniewo k. Jastowia"]
[Date "2024-06-17"]
[Round "7.89"]
[White "Woytitzki, Maja"]
[Black "Dushnitska, Yuliia"]
[Result "1-0"]
[WhiteTitle "I"]
[BlackTitle "II+"]
[WhiteElo "1544"]
[BlackElo "1455"]

1. e4 c6 2. d4 d5 3. f3 e6 4. Nc3 Ne7 5. Nge2 Ng6 6. Nf4 c5 7. Nxg6 hxg6 8. Bb5+
Nc6 9. O-O Qh4 10. h3 cxd4 11. Qxd4 Bd7 12. Qf2 Qh5 13. Be3 Bd6 14. exd5 exd5
15. Bc5 Bc7 16. Rfe1+ Be6 17. Rad1 O-O-O 18. Bxc6 bxc6 19. Rxe6 fxe6 20. Bxa7
Qg5 21. Ne2 Qe5 22. f4 Qxb2 23. Bd4 Qb4 24. Bc5 Qc4 25. Bd4 Rhf8 26. Qe3 Rf5 27.
Be5 Bxe5 28. fxe5 Rdf8 29. Rb1 Qxa2 30. Qb6 Qa8 31. Nd4 Rxe5 32. Nxc6 Re2 33.
Qc5 Kd7 34. Na5 Rb8 35. Rf1 Rxg2+ 36. Kxg2 d4+ 37. Kg1 1-0

[Event "Druzynowe Mistrzostwa Polski Juniorow - II liga"]
[Site "Sypniewo k. Jastowia"]
[Date "2024-06-17"]
[Round "7.90"]
[White "Kalata, Julia"]
[Black "Woytitzki, Sophie"]
[Result "0-1"]
[WhiteTitle "I"]
[BlackTitle "I"]
[WhiteElo "1482"]
[BlackElo "1583"]

1. e4 e5 2. Nf3 Nc6 3. Bc4 Nf6 4. d3 Bc5 5. c3 O-O 6. Bb3 d6 7. h3 Be6 8. Nbd2
d5 9. O-O dxe4 10. dxe4 Bxb3 11. axb3 Qd3 12. Re1 Rad8 13. b4 Bb6 14. Qb3 Nh5
15. b5 Na5 16. Qa4 Nf4 17. Nxe5 Qg3 0-1

[Event "Druzynowe Mistrzostwa Polski Juniorow - II liga"]
[Site "Sypniewo k. Jastowia"]
[Date "2024-06-17"]
[Round "7.91"]
[White "Pulit, Kacper"]
[Black "Jablonski, Piotr"]
[Result "1-0"]
[WhiteTitle "II+"]
[BlackTitle "II"]
[WhiteElo "1728"]
[BlackElo "1570"]

1. e4 c5 2. Nf3 Nc6 3. c3 e6 4. d4 d5 5. exd5 exd5 6. Be3 cxd4 7. Nxd4 Nf6 8. Bd3
Be7 9. h3 O-O 10. Nd2 Re8 11. O-O Bd7 12. Re1 a6 13. Qc2 Rc8 14. Nxc6 Bxc6 15.
Rad1 b5 16. a3 a5 17. Bf5 Bd7 18. Bxd7 Qxd7 19. Qb3 Ra8 20. Nf3 b4 21. axb4 axb4
22. cxb4 Reb8 23. Bd2 Qb7 24. Bf4 Qxb4 25. Qxb4 Bxb4 26. Re3 Rd8 27. Red3 Bd6
28. Bg5 Be7 29. Nd4 Ra2 30. Nc6 Rd7 31. Nxe7+ Rxe7 32. Rxd5 Nxd5 33. Bxe7 Ra5
34. b4 Rb5 35. Bc5 1-0

[Event "Druzynowe Mistrzostwa Polski Juniorow - II liga"]
[Site "Sypniewo k. Jastowia"]
[Date "2024-06-17"]
[Round "7.93"]
[White "Balis, Sebastian"]
[Black "Wilman, Maciej"]
[Result "1-0"]
[WhiteTitle "I"]
[BlackTitle "II"]
[WhiteElo "1675"]
[BlackElo "1503"]

1. e4 c5 2. Nf3 Nc6 3. d4 cxd4 4. Nxd4 e5 5. Nb5 d6 6. N1c3 a6 7. Na3 b5 8. Nd5
Be7 9. c4 b4 10. Qa4 Bd7 11. Nxb4 Nxb4 12. Qxb4 d5 13. Qc3 d4 14. Qg3 Bf6 15.
Bd3 Ne7 16. O-O Ng6 17. f4 exf4 18. Bxf4 Nxf4 19. Qxf4 O-O 20. e5 Bg5 21. Qxd4
Be6 22. Qe4 g6 23. Kh1 Bh6 24. b3 Bg7 25. b4 Qb8 26. Rae1 Qxb4 27. Nc2 Qb6 28.
Ne3 Rad8 29. Nd5 Qa7 30. Bc2 Qc5 31. Bb3 Kh8 32. Rd1 Bd7 33. Nf6 Bc6 34. Qh4 h6
35. Ng4 Rxd1 36. Rxd1 Kh7 37. Nf6+ Kh8 38. Qf4 Ba8 39. Rd2 Qb4 40. Rd1 Qb7 41.
Rd2 Qb4 42. Rd1 Bxf6 43. Qxh6+ Kg8 44. exf6 Bxg2+ 45. Kxg2 Qb7+ 46. Rd5 Re8 47.
Qg7# 1-0

[Event "Druzynowe Mistrzostwa Polski Juniorow - II liga"]
[Site "Sypniewo k. Jastowia"]
[Date "2024-06-17"]
[Round "7.95"]
[White "Kretowicz, Daria"]
[Black "Pietrzak, Emilia"]
[Result "1/2-1/2"]
[WhiteTitle "I"]
[BlackTitle "I++"]
[WhiteElo "1544"]
[BlackElo "1760"]

1. e4 c5 2. Nf3 e6 3. d4 cxd4 4. Nxd4 a6 5. Nc3 Qc7 6. Be3 Nf6 7. Be2 b5 8. a3
Bb7 9. Qd3 Be7 10. O-O O-O 11. Rad1 d6 12. f4 Nbd7 13. Nb3 Rfd8 14. Bf3 Rac8 15.
Rd2 Nc5 16. Bxc5 dxc5 17. Qe3 Rxd2 18. Nxd2 c4 19. Kh1 Bc5 20. Qe2 Qxf4 21. e5
Bxf3 22. Rxf3 Qd4 23. Rf1 Ng4 24. Nde4 Ne3 25. Re1 Nd5 26. Nxd5 Qxd5 27. Nxc5
Rxc5 28. Rd1 Qa8 29. Rd7 h6 30. Qf2 Qf8 31. Qd4 Rd5 32. Rxd5 exd5 33. Qxd5 Qe8
34. h3 Qe6 35. Qa8+ Kh7 36. Qe4+ Qg6 37. Qe2 Qf5 38. Kg1 Qf4 39. c3 Qf5 40. Kh2
Kg8 41. Kh1 Kf8 42. Qe3 Kg8 43. Qe2 Qd3 44. Qf2 Qe4 45. Qc5 1/2-1/2

[Event "Druzynowe Mistrzostwa Polski Juniorow - II liga"]
[Site "Sypniewo k. Jastowia"]
[Date "2024-06-17"]
[Round "8.1"]
[White "Kusiak, Mateusz"]
[Black "Stepinski, Piotr"]
[Result "1/2-1/2"]
[WhiteTitle "k"]
[BlackTitle "I+"]
[WhiteElo "2120"]
[BlackElo "1925"]

1. Nf3 Nf6 2. b3 b6 3. Bb2 Bb7 4. e3 e6 5. d4 d5 6. Nbd2 Nbd7 7. Bd3 Be7 8. O-O
O-O 9. Ne5 Ne4 10. f4 f5 11. Kh1 Nxe5 12. dxe5 Bc5 13. Qe2 Qc8 14. Rad1 a5 15.
c3 Ba6 16. Nxe4 dxe4 17. Bxa6 Qxa6 18. c4 Rad8 19. a3 Qc8 20. Bc1 Rxd1 21. Rxd1
Rd8 22. Rd2 Be7 23. Kg1 Rxd2 24. Qxd2 Qd8 25. b4 axb4 26. Qxd8+ Bxd8 27. axb4
Be7 28. Bd2 c6 29. Kf2 Kf7 30. h3 b5 31. c5 g6 1/2-1/2

[Event "Druzynowe Mistrzostwa Polski Juniorow - II liga"]
[Site "Sypniewo k. Jastowia"]
[Date "2024-06-17"]
[Round "8.2"]
[White "Gawlik, Olivier"]
[Black "Zieba, Hubert"]
[Result "0-1"]
[WhiteTitle "I"]
[BlackTitle "I+"]
[WhiteElo "1765"]
[BlackElo "2012"]

1. e4 c5 2. Nf3 Nf6 3. e5 Nd5 4. c4 Nc7 5. d4 cxd4 6. Qxd4 Nc6 7. Qe4 g6 8. Nc3
Bg7 9. Bf4 O-O 10. Be2 Ne6 11. Bg3 d6 12. Qe3 dxe5 13. Nxe5 Ned4 14. Rc1 Nxe2
15. Nxc6 bxc6 16. Qxe2 Bf5 17. Qf3 Qb6 18. b3 Rad8 19. O-O Rd3 20. Na4 Rxf3 21.
Nxb6 Rxg3 22. hxg3 axb6 23. Rfe1 Be6 24. c5 bxc5 25. Rxc5 Ra8 26. Re2 Ra6 27.
Rd2 Bd5 28. Rcc2 e6 29. Rc5 Bf8 30. Rcc2 Bb4 31. Re2 f6 32. Rc1 Kf7 33. f3 h5
34. Kf2 e5 35. Ke3 Ke6 36. Rec2 f5 37. Rh1 Ba5 38. Ke2 Bb6 39. Rd2 Bd4 40. Kd3
c5 41. Rc1 Kd6 42. Ke2 Ra8 43. Kd3 e4+ 44. fxe4 fxe4+ 45. Ke2 e3 0-1

[Event "Druzynowe Mistrzostwa Polski Juniorow - II liga"]
[Site "Sypniewo k. Jastowia"]
[Date "2024-06-17"]
[Round "8.3"]
[White "Futyma, Dawid"]
[Black "Haladaj, Adam"]
[Result "0-1"]
[WhiteTitle "I"]
[BlackTitle "I"]
[WhiteElo "1866"]
[BlackElo "1873"]

1. d4 Nf6 2. c4 c5 3. d5 b5 4. cxb5 a6 5. e3 g6 6. Nc3 Bg7 7. a4 O-O 8. e4 d6 9.
Nf3 Nbd7 10. bxa6 Qa5 11. Bd2 Bxa6 12. Bxa6 Qxa6 13. Qe2 Rfb8 14. Qxa6 Rxa6 15.
Ra2 Rb4 16. e5 Ne4 17. exd6 exd6 18. Ke2 Bxc3 19. Bxc3 Rbxa4 20. Rxa4 Rxa4 21.
Rd1 Nb6 22. Rd3 Nc4 23. Nd2 Nexd2 24. Bxd2 Nxd2 25. Kxd2 Rb4 26. Kc3 Kg7 27. g3
g5 28. h3 h5 29. b3 Kg6 30. f3 Kf6 31. Kc2 h4 32. f4 gxf4 33. gxh4 Kg6 34. Kd2
Re4 35. Rc3 Kh5 36. Rc4 Rxc4 37. bxc4 Kxh4 38. Ke2 Kg3 39. Kf1 Kxh3 0-1

[Event "Druzynowe Mistrzostwa Polski Juniorow - II liga"]
[Site "Sypniewo k. Jastowia"]
[Date "2024-06-17"]
[Round "8.4"]
[White "Szymczyk, Jan"]
[Black "Panasiuk, Stanislaw"]
[Result "1/2-1/2"]
[WhiteTitle "II"]
[BlackTitle "II"]
[WhiteElo "1520"]
[BlackElo "1445"]

1. e4 e5 2. Nf3 Nc6 3. Nc3 Nf6 4. Bb5 Bb4 5. d3 h6 6. O-O d6 7. h3 O-O 8. Be3 Be6
9. a3 Ba5 10. Qe2 a6 11. Ba4 Qe7 12. Rad1 Rad8 13. b4 b5 14. Bxb5 Bxb4 15. Nd5
Bxd5 16. exd5 axb5 17. axb4 Nxd5 18. Bd2 Ncxb4 19. c4 c5 20. cxd5 Nxd5 21. Rb1
Rb8 22. Rfc1 Rfc8 23. Ne1 b4 24. f4 f6 25. Qe4 Qe6 26. f5 Qf7 27. Nf3 Ne7 28.
Qg4 h5 29. Qe4 d5 30. Qe1 Nxf5 31. Qf2 Qg6 32. Rxc5 e4 33. Rxc8+ Rxc8 34. dxe4
dxe4 35. Ne1 e3 36. Bxe3 Nxe3 37. Rxb4 Re8 38. Rb3 Qe4 39. Nf3 Nc2 40. Rc3 Ne1
41. Nd2 Qe2 42. Qxe2 Rxe2 43. Nf3 Rxg2+ 44. Kf1 Rc2 45. Rxc2 Nxc2 46. Kg2 Kf7
47. Kg3 g5 48. Nd2 Ke6 49. Ne4 Nd4 50. Nc5+ Kd5 51. Nd7 Ke6 52. Nc5+ Kd6 53. Ne4+
Ke5 54. Nf2 f5 55. Kg2 Kf4 56. Nd3+ Ke3 57. Ne5 g4 58. hxg4 hxg4 59. Nxg4+ Kf4
60. Nf2 Nc6 61. Nh3+ Ke3 62. Kf1 f4 63. Nxf4 1/2-1/2

[Event "Druzynowe Mistrzostwa Polski Juniorow - II liga"]
[Site "Sypniewo k. Jastowia"]
[Date "2024-06-17"]
[Round "8.5"]
[White "Tokarz, Izabela"]
[Black "Banasiak, Adrianna"]
[Result "1-0"]
[WhiteTitle "k"]
[BlackTitle "I+"]
[WhiteElo "1966"]
[BlackElo "1774"]

1. d4 d5 2. c4 c5 3. cxd5 Qxd5 4. e3 cxd4 5. exd4 Nc6 6. Nf3 Bg4 7. Be2 e6 8. O-O
Nf6 9. Nc3 Qd7 10. Ne5 Bxe2 11. Nxd7 Bxd1 12. Nxf6+ gxf6 13. Rxd1 O-O-O 14. d5
Nb4 15. Be3 Nc2 16. Rac1 Nxe3 17. fxe3 Kb8 18. dxe6 Rxd1+ 19. Rxd1 fxe6 20. Rd7
Bc5 21. Kf2 Bb4 22. Ne4 Rc8 23. a3 Rc2+ 24. Kf3 f5 25. Ng5 Be1 26. Rd8+ Kc7 27.
Nxe6+ Kb6 28. Rd6+ Ka5 29. Rd5+ Kb6 30. Rb5+ Kxb5 31. Nd4+ Ka4 32. Nxc2 Bd2 33.
Nb4 Kb3 34. Nd3 Kc2 35. Ke2 Bc1 36. Nxc1 Kxc1 37. g4 fxg4 38. e4 Kxb2 39. e5 Kxa3
40. e6 b5 41. e7 b4 42. e8=Q a5 43. Kd2 b3 44. Kc3 a4 45. Qe2 h5 46. Qb2# 1-0

[Event "Druzynowe Mistrzostwa Polski Juniorow - II liga"]
[Site "Sypniewo k. Jastowia"]
[Date "2024-06-17"]
[Round "8.6"]
[White "Grad, Barbara"]
[Black "Tokarz, Gabriela"]
[Result "0-1"]
[WhiteTitle "II"]
[BlackTitle "I++"]
[WhiteElo "1509"]
[BlackElo "1911"]

1. e4 c5 2. Nf3 e6 3. c3 d5 4. exd5 Qxd5 5. d4 Nf6 6. Na3 Nc6 7. Nb5 Qd8 8. Bf4
Nd5 9. Bg3 a6 10. Na3 cxd4 11. Nxd4 Bxa3 12. Nxc6 bxc6 13. bxa3 Qa5 14. Qd2 Qxa3
15. c4 Nf6 16. Be2 Ne4 17. Qd4 O-O 18. O-O Nxg3 19. hxg3 c5 20. Qe4 Rb8 21. Rfd1
Rb2 22. Bd3 g6 23. Bb1 Qc3 24. Bd3 e5 25. Qh4 Be6 26. Bf1 Qc2 27. f3 Rxa2 28.
Rac1 Qf2+ 29. Kh1 a5 30. Ra1 a4 31. Qe4 Rc2 32. Rxa4 Bf5 33. Qxe5 Bh3 0-1

[Event "Druzynowe Mistrzostwa Polski Juniorow - II liga"]
[Site "Sypniewo k. Jastowia"]
[Date "2024-06-17"]
[Round "8.7"]
[White "Wojdak, Jan"]
[Black "Frac, Piotr"]
[Result "1-0"]
[WhiteTitle "k+"]
[BlackTitle "I"]
[WhiteElo "2149"]
[BlackElo "1900"]

1. e4 c5 2. Nf3 d6 3. c3 Nf6 4. h3 Nc6 5. Bd3 e5 6. Bc2 g6 7. d4 cxd4 8. cxd4 exd4
9. Nxd4 Bg7 10. Nb5 O-O 11. N1c3 d5 12. exd5 Nb4 13. d6 Nxc2+ 14. Qxc2 Bf5 15.
Qe2 Re8 16. Be3 Ne4 17. O-O Nxd6 18. Rad1 Bf8 19. Qf3 Qf6 20. Nc7 Nc4 21. Nxe8
Rxe8 22. Nd5 Qc6 23. Bd4 Ne5 24. Bxe5 Rxe5 25. Rfe1 Qe6 26. Rxe5 Qxe5 27. Qc3
Qxc3 28. Nxc3 Be7 29. Nb5 a6 30. Nd6 Be6 31. b3 b5 32. f4 h5 33. Kf2 b4 34. Nb7
Kg7 35. Ke3 Kf6 36. Nd6 a5 37. Ne8+ Kf5 38. Ng7+ Kf6 39. Nxe6 Kxe6 40. Ke4 Bd6
41. Re1 f5+ 42. Kd4+ Kf6 43. Rf1 g5 44. fxg5+ Kxg5 45. Kd5 Bf4 1-0

[Event "Druzynowe Mistrzostwa Polski Juniorow - II liga"]
[Site "Sypniewo k. Jastowia"]
[Date "2024-06-17"]
[Round "8.8"]
[White "Nagly, Krzysztof"]
[Black "Jendrowiak, Maciej"]
[Result "1/2-1/2"]
[WhiteTitle "II+"]
[BlackTitle "I"]
[WhiteElo "1815"]
[BlackElo "2049"]

1. e4 c5 2. Nf3 e6 3. c3 d5 4. exd5 Qxd5 5. d4 Nf6 6. Be3 cxd4 7. cxd4 Nc6 8. Nc3
Qd6 9. Be2 Be7 10. O-O O-O 11. Rc1 a6 12. Qb3 b5 13. Rfd1 Rd8 14. Ng5 Na5 15.
Qc2 Bb7 16. Nge4 Nxe4 17. Nxe4 Bxe4 18. Qxe4 Rac8 19. Bf4 Qd7 20. Rxc8 Rxc8 21.
d5 Rd8 22. Bd3 f5 23. Qe1 Nc4 24. dxe6 Qd4 25. Bc7 Rd5 26. Be2 Nd2 27. Be5 Qxe5
28. Rxd2 Rxd2 29. Qxd2 Qxe6 30. Bf3 Qd6 31. Qxd6 Bxd6 1/2-1/2

[Event "Druzynowe Mistrzostwa Polski Juniorow - II liga"]
[Site "Sypniewo k. Jastowia"]
[Date "2024-06-17"]
[Round "8.9"]
[White "Oles, Mateusz"]
[Black "Dobrowolski, Kamil"]
[Result "1/2-1/2"]
[WhiteTitle "I"]
[BlackTitle "II+"]
[WhiteElo "1771"]
[BlackElo "1801"]

1. e4 c5 2. Nc3 d6 3. d4 cxd4 4. Qxd4 Nc6 5. Qd2 Nf6 6. b3 g6 7. Bb2 Bg7 8. O-O-O
O-O 9. f3 Be6 10. Nge2 Qa5 11. Kb1 Rfd8 12. h4 d5 13. Nxd5 Qxd2 14. Rxd2 Nxd5
15. exd5 Bh6 16. Rd1 Rxd5 17. Rxd5 Bxd5 18. Nc3 Be6 19. Bd3 Bg7 20. Ne4 Bf5 21.
Nc5 Bxd3 22. Nxd3 Rd8 23. Bxg7 Kxg7 24. Kb2 e5 25. Kc3 b6 26. Re1 f6 27. Nf2 Nd4
28. Kb2 Nf5 29. Rd1 Rxd1 30. Nxd1 Nxh4 31. Ne3 f5 32. c4 f4 33. Ng4 Nxg2 34. Nxe5
h5 35. b4 Kf6 36. Nd3 h4 37. Kc3 h3 38. Nf2 Ne1 39. Nxh3 Nxf3 40. Nxf4 1/2-1/2